000 01084cam a2200313 4500
001 ABS61494
008 000000n2001 000 0 eng u
035 _a(Sirsi) u113262
100 _aYouens, A.
245 _aUrban regeneration funding schemes
260 _c2001
490 _aProperty Week
_v66(23) 8 June 2001, 94-95(2)
520 _aAn overview of some of the main sources of funding for regeneration, including the Single Regeneration Budget, the New Deal for Communities and the European Regional Development Fund, and the roles played by English Partnerships and Regional Development Agencies.
590 _aABS
650 _aENGLISH PARTNERSHIPS
650 _aERDF
650 _aEUROPEAN REGIONAL DEVELOPMENT FUND
650 _aFUNDING
650 _aNEW DEAL FOR COMMUNITIES
650 _aRDAS
650 _aREGENERATION GRANTS
650 _aREGENERATION PARTNERSHIPS
650 _aREGIONAL DEVELOPMENT AGENCIES
650 _aSINGLE REGENERATION BUDGET
650 _aSRB
650 _aURBAN REGENERATION
690 _aREGENERATION
942 _n0
999 _c67463
_d67463